Amendments to Texas Constitution of 1876 /

Bibliographic Details
Corporate Author: Texas State Library. Legislative Reference Division
Other Authors: Marburger, Harold J.
Format: Book
Language:English
Published: [Austin], [publisher not identified] ; 1956.
Subjects:

MARC

Tag First Indicator Second Indicator Subfields
LEADER 00000cam a2200000 4500
001 in00000080579
005 20190207093446.0
008 761015s1956 txu b 00000 eng d
010 |a  57063139  
035 |a (OCoLC)02505153 
035 |9 AAH5598AM 
040 |a IKM  |c IKM  |d TXA  |d UtOrBLW 
049 |a TXAS  |c [286728] 
090 |a KFT1601 1876  |b .A33 1956 
092 |a 342.764  |b T355a 
110 1 |a Texas State Library.  |b Legislative Reference Division. 
245 1 0 |a Amendments to Texas Constitution of 1876 /  |c [by] Harold J. Marburger. 
264 1 |a [Austin],  |b [publisher not identified] ;  |c 1956. 
300 |a 77 pages 
336 |a text  |b txt  |2 rdacontent 
337 |a unmediated  |b n  |2 rdamedia 
338 |a volume  |b nc  |2 rdacarrier 
500 |a The Cushing Library/Chapman Texas Collection copy is part of the Floyd & Louise Chapman Texas & Borderlands Collection.  |5 TXA 
504 |a Includes Bibliography. 
651 1 0 |a Texas  |x Constitution  |x Amendments. 
700 1 |a Marburger, Harold J. 
999 |a MARS 
999 f f |s c3d3671b-11cf-3335-ad94-10c462e01c51  |i cf2d6ac8-7563-309e-b4ae-facb2b748758  |t 0 
952 f f |p noncirc  |a Texas A&M University  |b College Station  |c Cushing Memorial Library & Archives  |d Cushing: Chapman Texas Collection (Does not check out)  |t 0  |e KFT1601 1876 .A33 1956  |h Library of Congress classification  |i unmediated -- volume 
998 f f |a KFT1601 1876 .A33 1956  |t 0  |l Cushing: Chapman Texas Collection (Does not check out)